000 00616nam a2200277Ia 4500
005 20260324140446.0
008 008 260324s9999 xx 000 0 eng d
020 _a9781315077604
037 _aEBOOK
040 _aCRL
040 _beng
040 _cCRL
041 _2eng
041 _aeng
084 _qCRL
100 _aJurrien Sligter
_91204468
245 0 _aTon de Leeuw
260 _bTaylor and Francis
260 _c1998
365 _a
365 _b145
856 _uhttp://www.taylorfrancis.com/books/9781315077604
942 _cEBOOK
999 _c1806586
_d1806586